000 00265nam a22001217a 4500
003 SGT
082 _a823
_bLAR
100 _aLARSSON STIEG
245 _aTHE GIRL WITH THE DRAGON TATTOO
260 _aU.K
_bMACLEHOSE PRESS
_c2005
300 _a538
942 _2ddc
_cBK
999 _c33472
_d33472